| 000 | 01956nam a2200445 c 4500 | ||
|---|---|---|---|
| 003 | BLK | ||
| 005 | 20180420224323.0 | ||
| 008 | 180408b bul|||||r ||||||| ||bul|| | ||
| 010 | _aKNG00082155000 | ||
| 020 |
_a978-954-684-176-6 _bиздат.: Беллопринт |
||
| 040 | _aBLK | ||
| 041 |
_aBUL _cBUL |
||
| 080 |
_aБио-библиографии _b016:929 _x _z016:929 |
||
| 080 |
_aМузиканти-творци, композитори _b78.071.1 _x(497.2)(01) _z78.071.1(497.2)(01) |
||
| 080 |
_aБългарски композитор _b929 Атанасов - Маестро, Георги _x _z929 Атанасов - Маестро, Георги |
||
| 700 | 1 |
_aВладова, Мариана _eсъстав. _9298432 |
|
| 139 |
_aВладова, Мариана _bА 93 |
||
| 245 | 1 | 0 |
_aМаестро Георги Атанасов 1882 - 1931 _bБио-библиогр. _cсъстав. Мариана Владова. |
| 257 | _aBGR | ||
| 260 |
_аПазарджик _bБеллопринт _c2007 |
||
| 300 |
_a96 с. _bсъс сн. _c25 см |
||
| 380 | _a0 | ||
| 500 | _aПълното име на Маестрото е Георги Атанасов Георгиев. - Офс. изд. | ||
| 600 | 1 | 4 |
_aАтанасов - Маестро, Георги _9285324 |
| 650 | 4 |
_aАтанасов - Маестро, Георги _9285324 |
|
| 650 | 4 |
_aБио-библиографии _9148651 |
|
| 650 | 4 |
_aКомпозитори, български _9241861 |
|
| 650 | 4 |
_aДиригенти, български _9246357 |
|
| 651 | 4 |
_aБългария _9241624 |
|
| 653 | _aМаестро Георги Атанасов | ||
| 653 | _aбио-библиографии | ||
| 653 | _aбиблиографски указатели | ||
| 653 | _aбългарски композитори | ||
| 653 | _aдиригенти | ||
| 852 | _aЦб 238852 | ||
| 856 | 4 |
_qpdf _u |
|
| 856 | 4 |
_qpdf _u |
|
| 942 |
_cKNG _n0 |
||
| 944 |
_aCR _c12.03.2008 _lф / _kЛюдмила_Стоянова |
||
| 944 |
_aED _c13.09.2012 _lф / _k |
||
| 999 |
_c77695 _d77695 |
||